000 00899nac a22002537a 4500
001 BR6700501
003 BR-BrBNA
005 20240105113324.0
008 230509b bl.|||m| |||| 00| 0 por d
040 _aBR-BrBNA
_bpor
_cBiblioteca Nacional de Agricultura
072 _aE15
090 _aE15 BR6700501
100 1 _aBelda Filho, J.
110 1 _aSecretaria da Agricultura, Sao Paulo, SP (Brasil). Depto. de Assistencia ao Cooperativismo
_98512
245 1 _aDa analise e leitura do balanco [cooperativa, contabilidade]
250 1 _a4. ed.
260 3 _aSao Paulo, SP (Brasil):
_c1967.
300 _a16 p.
490 _aSerie Contabilidade - Secretaria de Estado dos Negocios da Agricultura. Depto. de Assistencia ao Cooperativismo (Brazil)
_vno. 202
_x
650 _aCOOPERATIVA
650 _aCONTABILIDADE
909 _a202312
_bLúcia Elande
_c55
_dLúcia Elande
942 _2AGRIS
_n0
_cMS
999 _c263083
_d263083